[Event "Titled Tuesday intern op 16th Jan Late"]
[Site "Chess.com INT"]
[Date "2024.01.16"]
[Round "5"]
[White "Juergens, Vera"]
[Black "Carrasco Miranda, Andres"]
[Result "1-0"]
[WhiteElo "2270"]
[BlackElo "2234"]
[PlyCount "75"]
[EventDate "2024.01.16"]
[EventType "swiss (blitz)"]
[EventRounds "11"]
[EventCountry "USA"]
[SourceTitle "CB04_2024"]
[SourceDate "2023.10.16"]
[SourceVersion "1"]
[SourceVersionDate "2023.10.16"]
[SourceQuality "1"]

1. e4 e5 2. Nf3 Nc6 3. Bc4 Bc5 4. c3 Nf6 5. d3 d6 6. Bb3 a5 7. Nbd2 0-0 8. h3 Be6 9. Nf1 Ba7 10. g4 d5 11. Qe2 dxe4 12. dxe4 Bxb3 13. axb3 Qc8 14. Ng3 Qe6 15. Bg5 Nd7 16. 0-0 Qxb3 17. Nf5 g6 18. Ne3 Bxe3 19. fxe3 f6 20. Bh6 Rf7 21. Rf2 a4 22. Raf1 a3 23. bxa3 Rxa3 24. Rd1 Qe6 25. Qb2 Rb3 26. Qa2 Nd8 27. Rfd2 Rxc3 28. Qxe6 Nxe6 29. Rxd7 Rxd7 30. Rxd7 g5 31. h4 Rxe3 32. Kf2 Rxe4 33. hxg5 fxg5 34. Re7 Nd4 35. Rg7+ Kh8 36. Nxg5 Rf4+ 37. Kg2 Rxg4+ 38. Kh3 1-0

[Event "Titled Tuesday intern op 16th Jan Late"]
[Site "Chess.com INT"]
[Date "2024.01.16"]
[Round "11"]
[White "Juergens, Vera"]
[Black "Pein, Jonathan"]
[Result "0-1"]
[WhiteElo "2270"]
[BlackElo "2273"]
[PlyCount "172"]
[EventDate "2024.01.16"]
[EventType "swiss (blitz)"]
[EventRounds "11"]
[EventCountry "USA"]
[SourceTitle "CB04_2024"]
[SourceDate "2023.10.16"]
[SourceVersion "1"]
[SourceVersionDate "2023.10.16"]
[SourceQuality "1"]

1. e4 c5 2. Nc3 e6 3. d3 d5 4. g3 Nc6 5. Bg2 h5 6. h3 Nf6 7. f4 dxe4 8. Nxe4 Nxe4 9. Bxe4 Be7 10. Ne2 Bf6 11. c3 Qc7 12. Be3 Ne7 13. 0-0 Bd7 14. Qe1 Bc6 15. Qf2 b6 16. Qf3 Rc8 17. Rae1 Nf5 18. Bf2 a5 19. Nc1 a4 20. Qe2 Nd6 21. Kh2 h4 22. Bxc6+ Qxc6 23. g4 a3 24. g5 axb2 25. Qxb2 Be7 26. Qe2 Nf5 27. Qg4 g6 28. Nb3 Bd6 29. Be3 Qa4 30. Rf2 Kf8 31. Nd2 Nxe3 32. Rxe3 Qxa2 33. Rfe2 Qd5 34. Ne4 Be7 35. Nf2 Kg7 36. Re5 Qd6 37. Ne4 Qxd3 38. Nf6 Qg3+ 39. Qxg3 hxg3+ 40. Kxg3 Bxf6 41. gxf6+ Kxf6 42. h4 Rcd8 43. R2e3 Rd5 44. R5e4 Rdh5 45. f5 gxf5 46. Ra4 Rg8+ 47. Kh3 b5 48. Ra5 Rg4 49. Rg3 Rhxh4+ 50. Kg2 Rxg3+ 51. Kxg3 Rg4+ 52. Kf3 b4 53. Rxc5 bxc3 54. Rxc3 Re4 55. Rc7 Re5 56. Kf4 Rd5 57. Rb7 e5+ 58. Kf3 Rd3+ 59. Ke2 Rd6 60. Rc7 f4 61. Kf3 Rd3+ 62. Ke4 Re3+ 63. Kd5 f3 64. Rc6+ Kf5 65. Rc7 f6 66. Kd6 Rd3+ 67. Ke7 Ra3 68. Rc6 Kg5 69. Kf7 Ra7+ 70. Ke6 e4 71. Kd5 e3 72. Ke4 e2 73. Rc5+ Kg4 74. Kd3 e1Q 75. Rc4+ Kg3 76. Re4 Qxe4+ 77. Kxe4 Re7+ 78. Kf5 f2 79. Kg6 Re3 80. Kxf6 Rf3+ 81. Kg6 f1Q 82. Kh5 Qh3+ 83. Kg5 Rf5+ 84. Kg6 Qh5+ 85. Kg7 Rf7+ 86. Kg8 Qh7# 0-1

[Event "Titled Tuesday intern op 16th Jan Late"]
[Site "Chess.com INT"]
[Date "2024.01.16"]
[Round "4"]
[White "Shapiro, Viktor"]
[Black "Juergens, Vera"]
[Result "1-0"]
[WhiteElo "2113"]
[BlackElo "2270"]
[PlyCount "83"]
[EventDate "2024.01.16"]
[EventType "swiss (blitz)"]
[EventRounds "11"]
[EventCountry "USA"]
[SourceTitle "CB04_2024"]
[SourceDate "2023.10.16"]
[SourceVersion "1"]
[SourceVersionDate "2023.10.16"]
[SourceQuality "1"]

1. c4 e5 2. Nc3 d6 3. g3 f5 4. Bg2 Nf6 5. d3 c6 6. Rb1 Be7 7. b4 0-0 8. b5 Qe8 9. bxc6 bxc6 10. Ba3 Be6 11. Nf3 h6 12. Rb7 Nbd7 13. 0-0 Qh5 14. Nxe5 Nxe5 15. Rxe7 Rae8 16. Bxd6 Rxe7 17. Bxe7 Re8 18. Bxf6 gxf6 19. e3 Qf7 20. Qc2 Rd8 21. Rd1 Qd7 22. Ne2 Nxc4 23. Nd4 Ne5 24. Nxe6 Qxe6 25. d4 Nc4 26. Bh3 Nxe3 27. fxe3 Qxe3+ 28. Qf2 Qxf2+ 29. Kxf2 c5 30. d5 Rd6 31. Bxf5 Kf8 32. Be6 Ke7 33. Ke3 c4 34. Rc1 Ra6 35. Rc2 Ra3+ 36. Kd4 Kd6 37. Kxc4 Rf3 38. a4 Ra3 39. Kb4 Ra1 40. Rc6+ Ke5 41. Rc7 Rb1+ 42. Ka5 1-0

[Event "Titled Tuesday intern op 26th Sep Late"]
[Site "Chess.com INT"]
[Date "2023.09.26"]
[Round "3"]
[White "Juergens, Vera"]
[Black "Baziuk, Vladyslav"]
[Result "0-1"]
[WhiteElo "2270"]
[BlackElo "2211"]
[PlyCount "72"]
[EventDate "2023.09.26"]
[EventType "swiss (blitz)"]
[EventRounds "11"]
[EventCountry "USA"]
[SourceTitle "EXT 2024"]
[Source "ChessBase"]
[SourceDate "2023.10.10"]
[SourceVersion "1"]
[SourceVersionDate "2023.10.10"]
[SourceQuality "1"]

1. e4 c6 2. Nc3 d5 3. d3 e5 4. g3 Nf6 5. Bg2 Be6 6. h3 Bd6 7. f4 d4 8. Nce2 c5 9. f5 Bd7 10. Nf3 Nc6 11. g4 Qc7 12. Ng3 0-0-0 13. 0-0 Ng8 14. Bg5 f6 15. Bd2 Nge7 16. c4 Be8 17. a3 h5 18. g5 h4 19. Ne2 Bh5 20. b4 Rdf8 21. Qe1 g6 22. b5 Nd8 23. gxf6 Rxf6 24. Bg5 Rf7 25. Nxh4 gxf5 26. exf5 Rg8 27. Bxe7 Qxe7 28. Kh1 Bxe2 29. f6 Rxf6 30. Qxe2 Rxf1+ 31. Rxf1 Qxh4 32. Qf3 Rf8 33. Qd5 Rxf1+ 34. Bxf1 Kc7 35. Bg2 Qe1+ 36. Kh2 e4+ 0-1

[Event "Titled Tuesday intern op 26th Sep Late"]
[Site "Chess.com INT"]
[Date "2023.09.26"]
[Round "8"]
[White "Mirzoev, Azer"]
[Black "Juergens, Vera"]
[Result "1-0"]
[WhiteElo "2418"]
[BlackElo "2270"]
[PlyCount "101"]
[EventDate "2023.09.26"]
[EventType "swiss (blitz)"]
[EventRounds "11"]
[EventCountry "USA"]
[SourceTitle "EXT 2024"]
[Source "ChessBase"]
[SourceDate "2023.10.10"]
[SourceVersion "1"]
[SourceVersionDate "2023.10.10"]
[SourceQuality "1"]

1. Nf3 d6 2. c4 e5 3. Nc3 f5 4. d4 e4 5. Nd2 Nf6 6. e3 Be7 7. b4 0-0 8. Be2 c6 9. a4 Na6 10. b5 Nc7 11. Nb3 d5 12. Ba3 Bxa3 13. Rxa3 Qe7 14. Qc1 f4 15. exf4 e3 16. fxe3 Bg4 17. 0-0 Bxe2 18. Nxe2 Ng4 19. Nc5 b6 20. h3 Nf6 21. Nd3 dxc4 22. Ne5 cxb5 23. axb5 Kh8 24. Ra4 Nxb5 25. Rxc4 Rad8 26. Ng3 Nd5 27. Kh2 Nd6 28. Rc6 Qh4 29. Qd2 Qxg3+ 30. Kxg3 Ne4+ 31. Kh2 Nxd2 32. Ra1 a5 33. Ra2 Ne4 34. Ra3 Rf6 35. Rc1 Rh6 36. Nf3 Nef6 37. Ne5 Rf8 38. Rb1 Rh5 39. Kg1 g5 40. fxg5 Rxg5 41. Nf3 Rg7 42. Rb5 Ne7 43. Rxb6 Nfd5 44. Re6 Rxf3 45. Rxa5 Rf8 46. Re5 Rfg8 47. g4 h6 48. Raxd5 Kh7 49. Rd6 Ng6 50. Ree6 Nh4 51. Rxh6# 1-0

[Event "Titled Tuesday intern op 05th Sep Late"]
[Site "Chess.com INT"]
[Date "2023.09.05"]
[Round "3"]
[White "Juergens, Vera"]
[Black "Bilan, Danila"]
[Result "0-1"]
[WhiteElo "2270"]
[BlackElo "2303"]
[PlyCount "62"]
[EventDate "2023.09.05"]
[EventType "swiss (blitz)"]
[EventRounds "11"]
[EventCountry "USA"]
[SourceTitle "EXT 2024"]
[Source "ChessBase"]
[SourceDate "2023.10.10"]
[SourceVersion "1"]
[SourceVersionDate "2023.10.10"]
[SourceQuality "1"]

1. e4 c6 2. Nc3 d5 3. e5 Bf5 4. f4 e6 5. d3 Nd7 6. g3 Bc5 7. Nf3 h5 8. h3 Qb6 9. d4 Bb4 10. Bg2 c5 11. Be3 Ne7 12. 0-0 Bxc3 13. bxc3 Be4 14. Rb1 Qc7 15. Nh4 Bxg2 16. Kxg2 g6 17. Qd3 cxd4 18. cxd4 Rc8 19. Rf2 Nb6 20. Qb5+ Qc6 21. Qxc6+ Rxc6 22. Bc1 Kd7 23. Ba3 Rhc8 24. Bc5 R8c7 25. Rf3 Na4 26. Rfb3 b6 27. Bd6 Rxc2+ 28. Kf1 R7c3 29. Rxc3 Nxc3 30. Rb3 Nc8 31. Nf3 Ne4 0-1

[Event "Titled Tuesday intern op 05th Sep Late"]
[Site "Chess.com INT"]
[Date "2023.09.05"]
[Round "4"]
[White "Nilsen, Tobias Lang"]
[Black "Juergens, Vera"]
[Result "1-0"]
[WhiteElo "2219"]
[BlackElo "2270"]
[PlyCount "87"]
[EventDate "2023.09.05"]
[EventType "swiss (blitz)"]
[EventRounds "11"]
[EventCountry "USA"]
[SourceTitle "EXT 2024"]
[Source "ChessBase"]
[SourceDate "2023.10.10"]
[SourceVersion "1"]
[SourceVersionDate "2023.10.10"]
[SourceQuality "1"]

1. f4 e5 2. fxe5 d6 3. Nf3 dxe5 4. e4 Bd6 5. Bc4 Nf6 6. Qe2 Qe7 7. c3 c6 8. d3 Be6 9. Bb3 Nbd7 10. Be3 h6 11. Nbd2 Ng4 12. Bg1 Ngf6 13. Bc2 Rd8 14. Be3 Bc7 15. 0-0 0-0 16. Kh1 Bg4 17. Rae1 Nh5 18. Qf2 Nf4 19. d4 f6 20. Qh4 Bxf3 21. Nxf3 Qf7 22. Bxf4 g5 23. Qf2 Kg7 24. Bc1 Qg6 25. dxe5 fxe5 26. Qe2 Nf6 27. Rd1 Rde8 28. Be3 Ng4 29. Bg1 Qh5 30. h3 Bb6 31. Bxb6 axb6 32. Nh2 Nf6 33. Qxh5 Nxh5 34. Kg1 Ng3 35. Rfe1 Rf4 36. Nf1 Nh5 37. Ne3 Ref8 38. Nf5+ Kg8 39. Nxh6+ Kh7 40. Nf5 Nf6 41. g3 Rf3 42. Kg2 g4 43. hxg4 Nxg4 44. Kxf3 1-0

[Event "Titled Tuesday intern op 05th Sep Late"]
[Site "Chess.com INT"]
[Date "2023.09.05"]
[Round "2"]
[White "Prestia, Paris"]
[Black "Juergens, Vera"]
[Result "1-0"]
[WhiteElo "2059"]
[BlackElo "2270"]
[PlyCount "49"]
[EventDate "2023.09.05"]
[EventType "swiss (blitz)"]
[EventRounds "11"]
[EventCountry "USA"]
[SourceTitle "EXT 2024"]
[Source "ChessBase"]
[SourceDate "2023.10.10"]
[SourceVersion "1"]
[SourceVersionDate "2023.10.10"]
[SourceQuality "1"]

1. d4 d6 2. c4 c6 3. e4 Nd7 4. Nc3 e5 5. Nge2 g6 6. Be3 Bg7 7. g3 Ne7 8. Bg2 0-0 9. 0-0 h6 10. Qd2 Kh7 11. Rad1 Qe8 12. f4 f5 13. fxe5 dxe5 14. d5 cxd5 15. cxd5 g5 16. exf5 Kh8 17. g4 Nf6 18. h3 e4 19. Ng3 Bd7 20. Ngxe4 Nexd5 21. Nxd5 Nxe4 22. Bxe4 Qxe4 23. f6 Bxf6 24. Nxf6 Rxf6 25. Qd4 1-0

[Event "Titled Tuesday intern op 29th Aug Early"]
[Site "Chess.com INT"]
[Date "2023.08.29"]
[Round "4"]
[White "Juergens, Vera"]
[Black "Belov, Alexei"]
[Result "0-1"]
[WhiteElo "2270"]
[BlackElo "2421"]
[PlyCount "96"]
[EventDate "2023.08.29"]
[EventType "swiss (blitz)"]
[EventRounds "11"]
[EventCountry "USA"]
[SourceTitle "EXT 2024"]
[Source "ChessBase"]
[SourceDate "2023.10.10"]
[SourceVersion "1"]
[SourceVersionDate "2023.10.10"]
[SourceQuality "1"]

1. e4 e6 2. Nc3 d5 3. e5 c5 4. f4 Nc6 5. Nf3 f5 6. d3 d4 7. Ne2 Nge7 8. g3 Nd5 9. Bg2 b6 10. 0-0 Bb7 11. Ng5 Qd7 12. c4 dxc3 13. bxc3 Be7 14. Nf3 0-0-0 15. a4 Na5 16. Rf2 Kb8 17. Ne1 h6 18. Bd2 g5 19. c4 Nb4 20. d4 Bxg2 21. Rxg2 Nxc4 22. Bc1 cxd4 23. Nd3 Ne3 24. Bxe3 dxe3 25. Nb2 Qxd1+ 26. Rxd1 Rd2 27. Rxd2 exd2 28. Nc3 Rd8 29. Nbd1 Rd3 30. Kf1 Nd5 31. Ke2 Rxc3 32. Nxc3 Nxc3+ 33. Kxd2 Nxa4 34. Kc2 g4 35. h3 h5 36. hxg4 hxg4 37. Rh2 Kc7 38. Rh7 Kd7 39. Kb3 Nc5+ 40. Kc4 Ne4 41. Kb5 Nxg3 42. Ka6 Ne2 43. Rh2 Nxf4 44. Kxa7 g3 45. Rd2+ Kc6 46. Ka6 g2 47. Rc2+ Bc5 48. Rc1 b5 0-1

[Event "Titled Tuesday intern op 29th Aug Early"]
[Site "Chess.com INT"]
[Date "2023.08.29"]
[Round "1"]
[White "Trifan, Andrei Ioan"]
[Black "Juergens, Vera"]
[Result "0-1"]
[WhiteElo "2300"]
[BlackElo "2270"]
[PlyCount "68"]
[EventDate "2023.08.29"]
[EventType "swiss (blitz)"]
[EventRounds "11"]
[EventCountry "USA"]
[SourceTitle "EXT 2024"]
[Source "ChessBase"]
[SourceDate "2023.10.10"]
[SourceVersion "1"]
[SourceVersionDate "2023.10.10"]
[SourceQuality "1"]

1. e4 d6 2. d4 c6 3. Nc3 Nd7 4. Be3 e5 5. Qd2 Ngf6 6. f3 Be7 7. g4 Qc7 8. h4 h6 9. Nge2 b5 10. Ng3 Bb7 11. Nf5 Bf8 12. Rd1 0-0-0 13. d5 b4 14. dxc6 Bxc6 15. Nb5 Bxb5 16. Bxb5 Nb6 17. c4 Kb8 18. b3 g6 19. Ng3 Nfd7 20. h5 a5 21. hxg6 fxg6 22. Kf1 Nc5 23. Kg2 Bg7 24. Bxh6 Bxh6 25. Rxh6 Rxh6 26. Qxh6 Qf7 27. Qe3 Kc7 28. Rh1 Ne6 29. Ne2 Rf8 30. Rh3 Qf6 31. Qh6 Ng5 32. Rg3 Nxe4 33. fxe4 Qf1+ 34. Kh2 Rf2+ 0-1

[Event "Titled Tuesday intern op 15th Aug Early"]
[Site "Chess.com INT"]
[Date "2023.08.15"]
[Round "2"]
[White "Hristodoulou, Panagiotis"]
[Black "Juergens, Vera"]
[Result "1-0"]
[WhiteElo "2358"]
[BlackElo "2270"]
[PlyCount "61"]
[EventDate "2023.08.15"]
[EventType "swiss (blitz)"]
[EventRounds "11"]
[EventCountry "USA"]
[SourceTitle "EXT 2024"]
[Source "ChessBase"]
[SourceDate "2023.10.10"]
[SourceVersion "1"]
[SourceVersionDate "2023.10.10"]
[SourceQuality "1"]

1. e4 d6 2. d4 Nd7 3. Nf3 e5 4. Nc3 c6 5. Bc4 Be7 6. 0-0 Ngf6 7. Re1 0-0 8. a4 Qc7 9. h3 b6 10. Bg5 a6 11. Qd2 Bb7 12. Rad1 b5 13. Bb3 b4 14. Nb1 c5 15. dxe5 Nxe5 16. Nxe5 dxe5 17. Bxf6 Bxf6 18. Qe2 Rac8 19. Nd2 g6 20. Nc4 Rfd8 21. Ne3 Bxe4 22. Ng4 Rxd1 23. Rxd1 Qc6 24. Qxe4 Kg7 25. Qxc6 Rxc6 26. Nxf6 Kxf6 27. Bc4 e4 28. Rd7 h5 29. Rxf7+ Ke5 30. Rd7 Rf6 31. Rd5+ 1-0

[Event "Titled Tuesday intern op 15th Aug Late"]
[Site "Chess.com INT"]
[Date "2023.08.15"]
[Round "4"]
[White "Juergens, Vera"]
[Black "Parfenov, Viktor N"]
[Result "1-0"]
[WhiteElo "2270"]
[BlackElo "2193"]
[PlyCount "89"]
[EventDate "2023.08.15"]
[EventType "swiss (blitz)"]
[EventRounds "11"]
[EventCountry "USA"]
[SourceTitle "EXT 2024"]
[Source "ChessBase"]
[SourceDate "2023.10.10"]
[SourceVersion "1"]
[SourceVersionDate "2023.10.10"]
[SourceQuality "1"]

1. e4 c5 2. Nc3 d6 3. d3 Nc6 4. g3 g6 5. Bg2 Bg7 6. f4 e6 7. Nf3 Nge7 8. 0-0 0-0 9. Be3 Nd4 10. Qd2 b6 11. Rae1 Bb7 12. Nd1 Nxf3+ 13. Bxf3 d5 14. e5 Qd7 15. Qg2 Rab8 16. c3 d4 17. cxd4 Bxf3 18. Qxf3 cxd4 19. Bf2 Qa4 20. a3 Rfc8 21. Qe4 Rc2 22. Bxd4 Rd8 23. Bc3 Qb3 24. Ne3 Rxc3 25. bxc3 Qxc3 26. Rd1 Bf8 27. Nc4 Nf5 28. Rfe1 b5 29. Nd6 Nxd6 30. exd6 Rxd6 31. d4 Rd5 32. Rd3 Qc4 33. Red1 a5 34. Kg2 b4 35. axb4 axb4 36. g4 b3 37. Qe2 Bg7 38. Qf2 h5 39. h3 hxg4 40. hxg4 Qb4 41. R1d2 Rb5 42. Rb2 Qc4 43. Qd2 Rd5 44. Rbxb3 Bxd4 45. Kf3 1-0

[Event "Titled Tuesday intern op 15th Aug Late"]
[Site "Chess.com INT"]
[Date "2023.08.15"]
[Round "10"]
[White "Tarnowska, Aleksandra"]
[Black "Juergens, Vera"]
[Result "0-1"]
[WhiteElo "1860"]
[BlackElo "2270"]
[PlyCount "127"]
[EventDate "2023.08.15"]
[EventType "swiss (blitz)"]
[EventRounds "11"]
[EventCountry "USA"]
[SourceTitle "EXT 2024"]
[Source "ChessBase"]
[SourceDate "2023.10.10"]
[SourceVersion "1"]
[SourceVersionDate "2023.10.10"]
[SourceQuality "1"]

1. e4 d6 2. d4 c6 3. Nc3 Nd7 4. Be3 e5 5. Qd2 Be7 6. Nge2 Ngf6 7. 0-0-0 b5 8. Ng3 g6 9. f4 Qc7 10. fxe5 dxe5 11. d5 cxd5 12. Nxb5 Qb8 13. exd5 a6 14. Nc3 Bd6 15. Nge4 Bb7 16. Bh6 Nxe4 17. Nxe4 f5 18. Nxd6+ Qxd6 19. Bc4 Rc8 20. Bb3 Nc5 21. Bg7 Rg8 22. Bxe5 Qxe5 23. Rhe1 Ne4 24. Ba4+ Kf7 25. Qb4 Ba8 26. d6 Rb8 27. Bb3+ Kg7 28. Qa4 Rgd8 29. d7 Rb6 30. Qc4 Qf6 31. g4 Rc6 32. Qd3 Rd6 33. Qe3 R8xd7 34. Rxd6 Rxd6 35. gxf5 gxf5 36. Qa7+ Kh6 37. Qxa8 Qg5+ 38. Kb1 Qd2 39. Rc1 Qd4 40. Qf8+ Qg7 41. Qxg7+ Kxg7 42. Bc4 Kf6 43. Bd3 Nd2+ 44. Ka1 Nf3 45. h3 Nd4 46. Rf1 Ke5 47. Kb1 f4 48. Kc1 Ne6 49. Kd2 Ng5 50. h4 Ne6 51. Re1+ Kf6 52. Ke2 h6 53. Kf3 Rd4 54. Re4 Rd6 55. b3 Rc6 56. a4 Rd6 57. Rb4 Nd4+ 58. Ke4 Nc6 59. Kxf4 Nxb4 60. a5 Nxd3+ 61. cxd3 Rxd3 62. Kg4 Rxb3 63. Kh5 Rb4 64. Kxh6 0-1

[Event "Titled Tuesday intern op 08th Aug Early"]
[Site "Chess.com INT"]
[Date "2023.08.08"]
[Round "1"]
[White "Juergens, Vera"]
[Black "Eilers, Stefan"]
[Result "0-1"]
[WhiteElo "2270"]
[BlackElo "2300"]
[PlyCount "68"]
[EventDate "2023.08.08"]
[EventType "swiss (blitz)"]
[EventRounds "11"]
[EventCountry "USA"]
[SourceTitle "EXT 2024"]
[Source "ChessBase"]
[SourceDate "2023.10.10"]
[SourceVersion "1"]
[SourceVersionDate "2023.10.10"]
[SourceQuality "1"]

1. d4 g6 2. c4 Bg7 3. Nc3 c5 4. d5 Bxc3+ 5. bxc3 f5 6. e4 fxe4 7. g3 d6 8. Bg2 Qa5 9. Qc2 Nf6 10. Ne2 Nbd7 11. 0-0 Nb6 12. Bxe4 Nxc4 13. Bxg6+ hxg6 14. Qxg6+ Kd8 15. Bg5 Rg8 16. Qh6 Qc7 17. Bxf6 exf6 18. Qxf6+ Qe7 19. Qf3 Nd2 20. Qd3 Nxf1 21. Rxf1 Bh3 22. Rb1 Qd7 23. Nf4 Bf5 24. Qd1 Bxb1 25. Qxb1 Re8 26. Qg6 Kc7 27. Ne6+ Rxe6 28. dxe6 Qc6 29. Qf7+ Kb6 30. e7 Re8 31. f4 Qd7 32. Qb3+ Kc7 33. Qa3 Qxe7 34. Qa5+ Kb8 0-1

[Event "Titled Tuesday intern op 08th Aug Early"]
[Site "Chess.com INT"]
[Date "2023.08.08"]
[Round "7"]
[White "Styazhkina, Anna"]
[Black "Juergens, Vera"]
[Result "1-0"]
[WhiteElo "2194"]
[BlackElo "2270"]
[PlyCount "47"]
[EventDate "2023.08.08"]
[EventType "swiss (blitz)"]
[EventRounds "11"]
[EventCountry "USA"]
[SourceTitle "EXT 2024"]
[Source "ChessBase"]
[SourceDate "2023.10.10"]
[SourceVersion "1"]
[SourceVersionDate "2023.10.10"]
[SourceQuality "1"]

1. e4 e5 2. Nc3 d6 3. f4 exf4 4. Nf3 h6 5. d4 g5 6. Bc4 Bg7 7. 0-0 Ne7 8. Nd5 Ng6 9. h4 g4 10. h5 Nh4 11. Nxh4 Qxh4 12. Bxf4 0-0 13. g3 Qd8 14. Qd2 c6 15. Nc3 c5 16. dxc5 dxc5 17. Bxh6 Qd4+ 18. Kg2 Bxh6 19. Qxh6 Qxc4 20. Qg5+ Kh7 21. h6 Qd4 22. e5 Rg8 23. Rxf7+ Kh8 24. Qf6+ 1-0

[Event "GER-chT Federal Cup (Women)"]
[Site "Braunfels"]
[Date "2013.05.31"]
[Round "2.1"]
[White "Juergens, Vera"]
[Black "Zimmer, Elke"]
[Result "1/2-1/2"]
[WhiteElo "2282"]
[BlackElo "1926"]
[PlyCount "187"]
[EventDate "2013.05.30"]
[EventType "team-swiss"]
[EventRounds "5"]
[EventCountry "GER"]
[SourceTitle "EXT 2014"]
[Source "ChessBase"]
[SourceDate "2013.11.20"]
[SourceVersion "1"]
[SourceVersionDate "2013.11.20"]
[SourceQuality "1"]
[WhiteTeam "Hamburg (W)"]
[BlackTeam "Saarland (W)"]
[WhiteTeamCountry "GER"]
[BlackTeamCountry "GER"]

1. d4 g6 2. e4 Bg7 3. Nc3 d6 4. h3 e6 5. g3 a6 6. a4 Nd7 7. Bg2 Ne7 8. Nge2 c5 9. 0-0 0-0 10. Be3 Rb8 11. dxc5 dxc5 12. f4 Qc7 13. e5 b5 14. axb5 axb5 15. Ne4 Nd5 16. Bf2 Bb7 17. c3 Ne7 18. Ra7 Nc8 19. Ra1 Bxe4 20. Bxe4 Rd8 21. Qc2 Ndb6 22. Rfd1 Ne7 23. Bg2 Ned5 24. Qe4 Rd7 25. g4 Rbd8 26. Qf3 Bf8 27. g5 Ne7 28. Ng3 Rxd1+ 29. Rxd1 Rxd1+ 30. Qxd1 Nbd5 31. Qd2 b4 32. c4 Nb6 33. b3 Qd7 34. Qd6 Nec8 35. Qxd7 Nxd7 36. Bc6 Ncb6 37. Ne4 Be7 38. Kg2 Kg7 39. Kf3 h6 40. gxh6+ Kxh6 41. Nd6 Kg7 42. Ke4 Kf8 43. h4 Bxd6 44. exd6 f6 45. Kf3 Kf7 46. Kg4 Kg7 47. Kf3 Kf7 48. Ke2 Kg7 49. Be3 Kf7 50. Kd3 Kg7 51. Bf3 f5 52. h5 Kh6 53. hxg6 Kxg6 54. Bf2 Kg7 55. Bh4 Kg6 56. Bd8 e5 57. Bc6 e4+ 58. Ke3 Kf7 59. Kf2 Ke6 60. Bc7 Kf7 61. Kg3 Ke6 62. Kh4 Kf6 63. Bb7 Ke6 64. Kg5 e3 65. Bf3 Nxc4 66. bxc4 Nf6 67. Be2 Ne4+ 68. Kg6 Nxd6 69. Bd3 b3 70. Ba5 Ne4 71. Kh5 Nd2 72. Bc3 Ne4 73. Be1 b2 74. Kh4 Nd2 75. Kg3 b1Q 76. Bxb1 Nxb1 77. Kf3 Nd2+ 78. Kxe3 Nxc4+ 79. Kd3 Kd5 80. Bc3 Nd6 81. Be5 c4+ 82. Kc3 Ne4+ 83. Kb4 Nf2 84. Kc3 Ng4 85. Bc7 Ne3 86. Bb8 Nd1+ 87. Kd2 Nf2 88. Ke3 Ne4 89. Be5 Kc5 90. Ba1 c3 91. Kd3 Kb4 92. Kd4 Kb3 93. Bxc3 Nxc3 94. Ke5 1/2-1/2

[Event "GER-chT Federal Cup (Women)"]
[Site "Braunfels"]
[Date "2012.06.08"]
[Round "2.1"]
[White "Gheng, Simona"]
[Black "Juergens, Vera"]
[Result "1/2-1/2"]
[WhiteElo "2021"]
[BlackElo "2282"]
[PlyCount "100"]
[EventDate "2012.06.07"]
[EventType "team-swiss"]
[EventRounds "5"]
[EventCountry "GER"]
[SourceTitle "CBM 149 Extra"]
[Source "ChessBase"]
[SourceDate "2012.08.24"]
[SourceVersion "1"]
[SourceVersionDate "2012.08.24"]
[SourceQuality "1"]
[WhiteTeam "Wuerttemberg (W)"]
[BlackTeam "Hamburg (W)"]
[WhiteTeamCountry "GER"]
[BlackTeamCountry "GER"]

1. e4 d5 2. exd5 Qxd5 3. d4 Nf6 4. Nc3 Qd6 5. Nf3 c6 6. Ne5 Nbd7 7. Bf4 Nd5 8. Ne4 Qb4+ 9. c3 Qa5 10. Nc4 Qd8 11. Qe2 e6 12. Bg3 Be7 13. Ncd6+ Kf8 14. Qh5 Bxd6 15. Bxd6+ Kg8 16. Bg3 N7f6 17. Nxf6+ Nxf6 18. Qf3 Qd5 19. Be2 h5 20. Qxd5 exd5 21. h4 Bf5 22. 0-0 Re8 23. Rfe1 Kh7 24. f3 Nd7 25. Bf1 f6 26. Bf4 Kg6 27. Kf2 Kf7 28. Rxe8 Rxe8 29. Re1 Nb6 30. Rxe8 Kxe8 31. Be2 Na4 32. Bc1 Bb1 33. a3 b5 34. g4 hxg4 35. fxg4 a5 36. Ke3 Nb6 37. Kf4 a4 38. g5 Kf7 39. gxf6 Kxf6 40. Kg4 Bf5+ 41. Kg3 g6 42. Bf4 Ke6 43. Bc7 Nd7 44. Kf4 Nf6 45. Bf3 Ne4 46. Bxe4 dxe4 47. Bd8 Kd7 48. Bg5 Ke6 49. Bd8 Kd7 50. Bg5 Ke6 1/2-1/2

[Event "GER-chT Federal Cup (Women)"]
[Site "Braunfels"]
[Date "2012.06.08"]
[Round "3.1"]
[White "Juergens, Vera"]
[Black "Mueller, Sieglinde"]
[Result "1-0"]
[WhiteElo "2282"]
[BlackElo "1020"]
[PlyCount "41"]
[EventDate "2012.06.07"]
[EventType "team-swiss"]
[EventRounds "5"]
[EventCountry "GER"]
[SourceTitle "CBM 149 Extra"]
[Source "ChessBase"]
[SourceDate "2012.08.24"]
[SourceVersion "1"]
[SourceVersionDate "2012.08.24"]
[SourceQuality "1"]
[WhiteTeam "Hamburg (W)"]
[BlackTeam "Saarland (W)"]
[WhiteTeamCountry "GER"]
[BlackTeamCountry "GER"]

1. d4 d6 2. e4 Nf6 3. Nc3 Nbd7 4. g3 e5 5. Nge2 g6 6. Bg2 Bg7 7. 0-0 0-0 8. h3 c6 9. a4 a5 10. Be3 Nb6 11. dxe5 Nfd7 12. exd6 Ne5 13. b3 Re8 14. f4 Ned7 15. Qd3 Bxc3 16. Nxc3 Nf6 17. Qd4 Nbd7 18. g4 b6 19. e5 Ba6 20. Rfe1 Rb8 21. exf6 1-0

[Event "BL 1011 (Women)"]
[Site "Germany"]
[Date "2011.03.12"]
[Round "10.2"]
[White "Endress, Anna"]
[Black "Juergens, Vera"]
[Result "0-1"]
[WhiteElo "2160"]
[BlackElo "2285"]
[PlyCount "94"]
[EventDate "2010.11.06"]
[EventType "team-tourn"]
[EventRounds "11"]
[EventCountry "GER"]
[SourceTitle "EXT 2012"]
[Source "ChessBase"]
[SourceDate "2011.11.24"]
[SourceVersion "1"]
[SourceVersionDate "2011.11.24"]
[SourceQuality "1"]
[WhiteTeam "Schott Mainz (W)"]
[BlackTeam "Hamburger SK (W)"]
[WhiteTeamCountry "GER"]
[BlackTeamCountry "GER"]

1. e4 d5 2. exd5 Qxd5 3. Nc3 Qd6 4. d4 Nf6 5. Nf3 c6 6. Ne5 Nbd7 7. Nc4 Qc7 8. Qf3 Nb6 9. Bf4 Qd7 10. Nxb6 axb6 11. Be5 Qf5 12. Qxf5 Bxf5 13. 0-0-0 e6 14. Bd3 Bxd3 15. Rxd3 b5 16. a3 Be7 17. f3 0-0 18. Rhd1 Nd7 19. Ne4 Nb6 20. Bd6 Rfe8 21. Bxe7 Rxe7 22. g3 Nc4 23. Nd2 Rd7 24. Nxc4 bxc4 25. Rc3 b5 26. Re3 b4 27. h4 Kf8 28. f4 h5 29. Rd2 Rda7 30. c3 bxa3 31. bxa3 Rxa3 32. Rb2 Ra1+ 33. Kc2 Rg1 34. Re5 Raa1 35. Rb8+ Ke7 36. Rb7+ Kf6 37. Re2 Rac1+ 38. Kd2 Rgd1+ 39. Ke3 Rxc3+ 40. Kf2 Rxd4 41. f5 Rb3 42. Rc7 Rd6 43. fxe6 fxe6 44. Rc8 c3 45. Rf8+ Ke7 46. Rf5 Rb5 47. Rf3 Rc5 0-1